00277nam a2200109Ia 4500008004100000082001500041100001600056245002700072260004400099300000800143650001600151191201s2004 xx 000 0 und d a621.3bWAD aWadhwa, C L 0aElectrical Engineering aN.DelhibNewage International Pubc2004 a238 aB.Tech(ECE)